|
|
|
|
| LEADER |
00000cam a2200000 a 4500 |
| 001 |
vtls001108211 |
| 003 |
SK-MaSNL |
| 005 |
20260301182054.0 |
| 008 |
250313s1979 xo a e 000 0 slo |
| 015 |
|
|
|a SNBA1979
|
| 020 |
|
|
|q (brož.)
|
| 035 |
|
|
|a SNK000051053
|
| 035 |
|
|
|a urn:nbn:sk:snk-aml6bw
|
| 035 |
|
|
|a urn:nbn:sk:snk-am008urb
|
| 035 |
|
|
|a C707E893-5033-425C-AEFA-F84BA45C378B
|
| 040 |
|
|
|a SNK
|b slo
|c SNK
|e AACR2
|
| 041 |
0 |
|
|a slo
|
| 044 |
|
|
|a xo
|c SK
|
| 080 |
|
|
|a 678.5:543.5(075.8)
|2 1981
|
| 080 |
|
|
|a 543.5:678.5(075.8)
|2 1981
|
| 100 |
1 |
|
|a Štaudner, Emil
|4 aut
|9 280123
|
| 245 |
1 |
0 |
|a Fyzikálne metódy skúmania plastických látok
|c Emil Štaudner
|
| 250 |
|
|
|a 2. vyd., 1. dotl.
|
| 260 |
|
|
|a Bratislava
|b Slovenská vysoká škola technická
|c 1979
|
| 300 |
|
|
|a 189 s.
|b grafy, sch., tab.
|c 29 cm
|
| 366 |
|
|
|e 50 výt.
|
| 490 |
1 |
|
|a Vysokoškolské učebné texty
|
| 504 |
|
|
|a Bibliogr.
|
| 650 |
0 |
7 |
|a plasty
|2 SNKPH
|9 3661
|
| 650 |
0 |
7 |
|a analytické metódy
|2 SNKPH
|9 68766
|
| 655 |
|
7 |
|a učebnice vysokých škôl
|2 SNKPH
|9 70191
|
| 810 |
2 |
|
|a Slovenská vysoká škola technická v Bratislave
|t Vysokoškolské učebné texty
|9 423573
|
| 830 |
|
0 |
|a Vysokoškolské učebné texty
|9 276539
|
| 852 |
|
|
|a Slovenská národná knižnica
|
| 958 |
|
|
|a OND
|
| 958 |
|
|
|a NB
|
| 999 |
|
|
|c 852313
|d 854243
|
| 952 |
|
|
|a SNK
|b SNK
|y PREZ
|7 0
|p 17A0986974
|o snkSB 29489
|i snkKSP 1719/80
|0 0
|1 0
|4 0
|d 2014-09-23
|f 1
|l 0
|r 2025-04-02 00:00:00
|w 2026-02-24
|
| 952 |
|
|
|a SNK
|b SNK
|y VYP
|7 0
|o snkSB 29489 D1
|i snkKSP 1720/80
|0 0
|1 0
|4 0
|d 2014-09-23
|l 0
|r 2026-02-24 04:45:48
|w 2026-02-24
|